000 01164nam a22003377a 4500
003 CHAP
005 20220329135049.0
008 971013s1979 r 00010 d
010 _a30338
011 _a31310
035 _a35422
040 _cCHAP
082 _a581.634
_bM35 1979
100 0 0 _aManfred, Leo.
_970375
245 _aSiete mil recetas botánicas a base de mil trescientas plantas medicinales
250 _a12 ed.
260 _aBuenos Aires :
_bKier,
_c1979
300 _a668 p.
_b: ilus
590 _aBATCH-UPD
_b10
_c20130110
_lUCH01
_h1135
590 _aBATCH-UPD
_b10
_c20130410
_lUCH01
_h0723
590 _aBATCH-UPD
_b10
_c20130914
_lUCH01
_h0740
590 _aCONVERSION
_b10
_c20130109
_lUCH01
_h1317
650 1 4 _aBotánica médica.
_914680
650 1 4 _aCondimentos.
_926337
901 _aBK
942 _cLIBRO
949 _a581.634 M35 1979
_bBC
_cC
_d-81890
_eC
_fc.2
_h53061
_i35422
_si
_t185.00
949 _a581.634 M35 1979
_bBC
_cC
_d-81891
_eC
_fc.3
_h53062
_i35422
_si
_t185.00
949 _a581.634 M35 1979
_bBC
_cC
_d33724000885372
_eC
_h53060
_i35422
_si
_t185.00
949 _a581.634 M35 1979
_bBC
_cMUT
_d-81892
_eMUT
_fc.4
_h53063
_i35422
_si
_t185.00
999 _c30338
_d30338